书目信息 |
| 题名: |
环境经济学
|
|
| 作者: | 刘传江 , 侯伟丽 主编 | |
| 分册: | ||
| 出版信息: | 武汉 武汉大学出版社 2006 |
|
| 页数: | 444页 | |
| 开本: | 24cm | |
| 丛书名: | ||
| 单 册: | ||
| 中图分类: | X196 | |
| 科图分类: | ||
| 主题词: | 环境经济学--教材 , 环境经济学 | |
| 电子资源: | ||
| ISBN: | 7-307-04965-1 | |
| 000 | 00978nam0 2200289 450 | |
| 001 | 003158745 | |
| 005 | 20070807164545.15 | |
| 010 | @a7-307-04965-1@dCNY33.00 | |
| 035 | @a003158745 | |
| 100 | @a20060104d2006 em y0chiy0110 ea | |
| 101 | 0 | @achi |
| 102 | @aCN@b420000 | |
| 105 | @ay z 000yy | |
| 106 | @ar | |
| 200 | 1 | @a环境经济学@Ahuan jing jing ji xue@dEnvironmental economics@f刘传江,侯伟丽主编@Fliu chuan jiang, hou wei li zhu bian@zeng |
| 210 | @a武汉@c武汉大学出版社@d2006 | |
| 215 | @a444页@d24cm | |
| 300 | @a21世纪经济学管理学系列教材 | |
| 330 | @a本书包括环境经济学总论、微观环境经济学、宏观环境经济学等三大部分,具体有环境经济学的基本理论、环境影响的经济评论等章节。 | |
| 510 | 1 | @aEnvironmental economics@zeng |
| 606 | 0 | @a环境经济学@j教材 |
| 606 | 0 | @a环境经济学 |
| 690 | @aX196@v4 | |
| 701 | 0 | @a刘传江@Aliu chuan jiang@f(1966.9~)@4主编 |
| 701 | 0 | @a侯伟丽@Ahou wei li@c(女)@4主编 |
| 801 | 0 | @aCN@bNLC@c20070807 |
| 905 | @dX196@e178@f1 | |
| 环境经济学=Environmental economics/刘传江,侯伟丽主编.-武汉:武汉大学出版社,2006 |
| 444页;24cm |
| 21世纪经济学管理学系列教材 |
| ISBN 7-307-04965-1:CNY33.00 |
| 本书包括环境经济学总论、微观环境经济学、宏观环境经济学等三大部分,具体有环境经济学的基本理论、环境影响的经济评论等章节。 |
| ● |
| 相关链接 |
|
|
|
|
正题名:环境经济学
索取号:X196/178
 
预约/预借
| 序号 | 登录号 | 条形码 | 馆藏地/架位号 | 状态 | 备注 |
| 1 | 0853734 | 208537341 | 第二样本阅览室/ [索取号:X196/178] | 在馆 |